| 000 | 01017nam a22002657a 4500 | ||
|---|---|---|---|
| 003 | OSt | ||
| 005 | 20260129043904.0 | ||
| 008 | 260129b |||||||| |||| 00| 0 eng d | ||
| 020 | _a9786214120789 | ||
| 040 |
_aDWCL - Main Lib. _cOC |
||
| 082 | _aFil. 700 M297v 2019 | ||
| 100 |
_aPerez, Vilma V. _eAuthor |
||
| 245 |
_aMAPEH 8: _bmusic, arts, physical education, health/ _cVilma V. Perez [and four others] |
||
| 260 |
_aQuezon City, Philippines; _bSt. Bernadette Publishing House, _cc2019. |
||
| 300 |
_axii, 334 pages: _bcolored illustration; _c25cm. |
||
| 650 | _a1. Music -- Study and teaching (Secondary). | ||
| 650 | _a2. Art -- Study and teaching (Secondary). | ||
| 650 | _a3. Physical fitness -- Study and teaching (Secondary). | ||
| 650 | _a4. Health -- Study and teaching (Secondary). | ||
| 700 | _a1. Gineta, Josie Jordan D. | ||
| 700 | _a2. Francisco, John Jerry Heriberto A. | ||
| 700 | _a3. Villareal, Edmund G. | ||
| 700 | _a4. Tomas, Cristanto E. | ||
| 942 |
_2ddc _cBK - FIL _hFil. _n0 |
||
| 999 |
_c7959 _d7959 |
||